Ejh, Széchenyi-ösztöndíj!

Elmentve itt :
Bibliográfiai részletek
Szerző: Kristó Gyula
Dokumentumtípus: Cikk
Megjelent: Magyar Tudományos Akadémia Budapest 1997
Sorozat:Akadémia : a Magyar Tudományos Akadémia hírmagazinja 1 No. 1
Kulcsszavak:Oktatáspolitika - 1990-es évek, Széchenyi István Ösztöndíj
Online Access:http://misc.bibl.u-szeged.hu/48091
LEADER 00727nab a2200193 i 4500
001 misc48091
005 20211025161059.0
008 200423s1997 hu o 0|| hun d
022 |a 1417-1007 
040 |a SZTE Miscellanea Repozitórium  |b hun 
041 |a hun 
100 1 |a Kristó Gyula 
245 1 0 |a Ejh, Széchenyi-ösztöndíj!  |h [elektronikus dokumentum] /  |c  Kristó Gyula 
260 |a Magyar Tudományos Akadémia  |b Budapest  |c 1997 
300 |a 28-30 
490 0 |a Akadémia : a Magyar Tudományos Akadémia hírmagazinja  |v 1 No. 1 
561 |a Kristó Gyula újságkivágatok 
695 |a Oktatáspolitika - 1990-es évek, Széchenyi István Ösztöndíj 
856 4 0 |u http://misc.bibl.u-szeged.hu/48091/1/023.pdf  |z Dokumentum-elérés